ARRUPE JESUIT UNIVERSITY

CORONAVIRUS -STOP THE SPREAD - CLEAN,DISINFECT,COVER

Caves, monuments, and texts : (Record no. 17279)

MARC details
000 -LEADER
fixed length control field 01266cam a2200313 a 4500
001 - CONTROL NUMBER
control field 11772030
003 - CONTROL NUMBER IDENTIFIER
control field ARRUPE
005 - DATE AND TIME OF LATEST TRANSACTION
control field 20170531123443.0
008 - FIXED-LENGTH DATA ELEMENTS--GENERAL INFORMATION
fixed length control field 990803s1997 sw ab b 000 0 eng
010 ## - LIBRARY OF CONGRESS CONTROL NUMBER
LC control number 99232648
035 ## - SYSTEM CONTROL NUMBER
System control number (DLC) 99232648
040 ## - CATALOGING SOURCE
Original cataloging agency DLC
Transcribing agency DLC
Modifying agency DLC
043 ## - GEOGRAPHIC AREA CODE
Geographic area code f-rh---
050 00 - LIBRARY OF CONGRESS CALL NUMBER
Classification number DT2906
Item number .C38 1997
082 00 - DEWEY DECIMAL CLASSIFICATION NUMBER
Classification number 968.91/01
Edition number 21
300 ## - PHYSICAL DESCRIPTION
Other physical details ill., maps ;
Dimensions 21 cm.
245 00 - TITLE STATEMENT
Title Caves, monuments, and texts :
Remainder of title Zimbabwean archaeology today /
Statement of responsibility, etc edited by Gilbert Pwiti.
260 ## - PUBLICATION, DISTRIBUTION, ETC. (IMPRINT)
Place of publication, distribution, etc Uppsala, Sweden :
Name of publisher, distributor, etc Department of Archaeology and Ancient History, Uppsala University,
Date of publication, distribution, etc 1997.
300 ## - PHYSICAL DESCRIPTION
Extent 159 p. :
440 #0 - SERIES STATEMENT/ADDED ENTRY--TITLE
Title Studies in African archaeology,
International Standard Serial Number 0284-5040 ;
Volume number/sequential designation 14
9 (RLIN) 31765
504 ## - BIBLIOGRAPHY, ETC. NOTE
Bibliography, etc Includes bibliographical references.
650 #0 - SUBJECT ADDED ENTRY--TOPICAL TERM
Topical term or geographic name as entry element Antiquities, Prehistoric
Geographic subdivision Zimbabwe.
9 (RLIN) 31766
650 #0 - SUBJECT ADDED ENTRY--TOPICAL TERM
Topical term or geographic name as entry element Excavations (Archaeology)
Geographic subdivision Zimbabwe.
9 (RLIN) 31767
650 #0 - SUBJECT ADDED ENTRY--TOPICAL TERM
Topical term or geographic name as entry element Archaeology
Geographic subdivision Zimbabwe.
9 (RLIN) 31768
651 #0 - SUBJECT ADDED ENTRY--GEOGRAPHIC NAME
Geographic name Zimbabwe
General subdivision Antiquities.
9 (RLIN) 9546
700 1# - ADDED ENTRY--PERSONAL NAME
Personal name Pwiti, Gilbert.
9 (RLIN) 31769
710 2# - ADDED ENTRY--CORPORATE NAME
Corporate name or jurisdiction name as entry element Uppsala universitet.
Subordinate unit Institutionen för arkeologi och antik historia.
9 (RLIN) 31770
906 ## - LOCAL DATA ELEMENT F, LDF (RLIN)
a 7
b cbc
c orignew
d 3
e ncip
f 19
g y-gencatlg
942 ## - ADDED ENTRY ELEMENTS (KOHA)
Source of classification or shelving scheme Library of Congress Classification
Koha item type Monograph ( Printed materials)
Holdings
Withdrawn status Lost status Source of classification or shelving scheme Damaged status Not for loan Collection code Home library Current library Shelving location Date acquired Total Checkouts Full call number Barcode Date last seen Copy number Price effective from Koha item type
    Library of Congress Classification     Main Collection ARRUPE LIBRARY ARRUPE LIBRARY REFERENCE 04/03/2013   DT2906.C38 1997 46003034369 07/12/2017 1 04/03/2013 Monograph ( Printed materials)
    Library of Congress Classification     SPECIAL Collection ARRUPE LIBRARY ARRUPE LIBRARY REFERENCE 31/01/2019   SPC. DT2906 .C38 1997 46600003547 31/01/2019   31/01/2019 SPC

 

Arrupe Library. PO Box MP320 Mt Pleasant, Harare, Zimbabwe
263 242 745411|librarian@aju.ac.zw